000
00359nam a2200169Ia 4500
008
240830s1967 xx 000 0 und d
041
_a
hin
082
_a
1
100
_a
YADAVSHARMANA
245
_a
GADH NIGRAH-1
250
_a
1
260
_a
SANGAI
_b
N.D.
_c
1967
300
_a
100p
440
_v
I
906
_a
GADH NIGRAH-1
999
_c
1183950
_d
1183950